000 00652nam a22002057a 4500
003 OSt
005 20260122055221.0
008 260122b |||||||| |||| 00| 0 eng d
020 _a978-1-4516-2626-1
040 _aDWC-Main lib
_cOC
082 _aCirc. 153.43 C766t 2011
100 _aConvey, Stephen R.
245 _aThe 3rd Alternative :
_bSolving life's most difficult problems/
_cStephen R. Convey
260 _aN.Y :
_b Free Press ,
_cc2011.
300 _a455 pages :
_b illustrations ;
_c22cm.
650 _a1. Change (Psychology)
650 _a2. Interpersonal conflict
650 _a3. Problem Solving
942 _2ddc
_cBK-CIRC
_kCirc.
_n0
999 _c7701
_d7701